Biblioteca

¿Tiene sentido en la Iglesia el ministerio de Pedro? : (Registro nro. 69721)

Detalles MARC
000 -LÍDER
Campo fijo de descripción fija 01721nab a2200241 i 4500
001 - NÚMERO DE CONTROL
Campo de control 768714001
003 - IDENTIFICADOR DEL NÚMERO DE CONTROL
Campo de control CO-MdFUSB
005 - FECHA Y HORA DE LA ULTIMA TRANSACCIÓN
control field 20260312144143.0
008 - ELEMENTOS DE LONGITUD FIJA -- INFORMACIÓN GENERAL
Campo fijo de descripción fija -- Información general 240515t1971 sp ||||| |||| 00| 0 spa d
040 ## - FUENTE DE CATALOGACIÓN
Idioma de catalogación spa
Agencia que realiza la transcripción CO-MdFUSB
Agencia que realiza la modificación CO-MdFUSB
041 ## - CÓDIGO DE IDIOMA
Código de idioma para texto/pista de sonido o título separado spa
100 ## - ASIENTO PRINCIPAL--NOMBRE PERSONAL
Nombre personal Ott, Heinrich,
Término relacionador autor
245 ## - TÍTULO
Título ¿Tiene sentido en la Iglesia el ministerio de Pedro? :
Subtitulo respuesta protestante
Mención de responsabilidad / Heinrich Ott ; traducido por Jesús Rey
520 ## - NOTA DE RESUMEN, ETC.
Nota de sumario, etc. Para el teólogo protestante el tema del «ministerio de Pedro», es decir, la cuestión de un episcopado universal sobre la cristiandad, es una cuestión in- sólita y extraña, cargada con el peso histórico de la polémica que tuvo lugar en los orígenes históricos del protestantismo en contra del papa, que reivindicaba para sí el ejercicio de aquel ministerio. Este lastre histórico se ha aligerado notablemente, aunque no ha desaparecido por completo, gracias al movimiento de apertura del Vaticano II y a la figura del primer papa conciliar. Pero si el problema teológico se presenta con el cuidado con que aquí se hace (¿Tiene sentido un ministerio de Pedro en la Iglesia?), el teólogo protestante se verá estimulado a reflexionar con seriedad y sin polémicas y podrá incluso dar una respuesta positiva a la cuestión planteada.
650 #0 - ASIENTO SECUNDARIO DE MATERIA - TERMINO TEMÁTICO
Término temático o nombre geográfico como elemento de entrada Ecumenismo
Subdivisión general Historia
9 (RLIN) 1146
650 #7 - ASIENTO SECUNDARIO DE MATERIA - TERMINO TEMÁTICO
Término temático o nombre geográfico como elemento de entrada Iglesia
9 (RLIN) 655
650 #0 - ASIENTO SECUNDARIO DE MATERIA - TERMINO TEMÁTICO
Término temático o nombre geográfico como elemento de entrada Protestantismo
9 (RLIN) 947
653 ## - TÉRMINO DE INDIZACIÓN - NO CONTROLADO
Término no controlado Ministerio de Pedro
700 ## - ENTR. SECUNDARIA - Nombre Personal (R)
Nombre de persona Rey, Jesús,
Término indicativo de función traductor
773 0# - ASIENTO DE ITEM FUENTE
Biblionumber 49450
Itemnumber 82631
Otro identificador del ítem R2554
Título Revista internacional de teología Concilium
Número de control del registro (CO-MdFUSB)8
Número Internacional Normalizado para Publicaciones Seriadas (ISSN) 0210-1041
Parte(s) relacionada(s) / Volumen., número. (mes año), páginas Número 64, (abril, 1971), páginas: 115 - 119
Enumeración y primera página página: 115
942 ## - TIPO DE MATERIAL (KOHA)
Tipo de Item KOHA Artículos de Revista
945 ## - INFORMACIÓN LOCAL DEL REGISTRO
Catalogador Catherine Arias Alvarez - Practicante SENA

No hay ítems disponibles.

Biblioteca FUSBC | Teléfono: (57+4) 349 88 10 Ext. 141| WhatsApp (+57) 3005338115 
E-mail: biblioteca@unisbc.edu.co | Calle 76 87-14 Robledo Palenque, Medellín, Colombia

Con tecnología Koha